| 000 | 01160nam a22002892 4500 | ||
|---|---|---|---|
| 001 | 0000013592 | ||
| 005 | 20151217152126.0 | ||
| 008 | 090928s xx 000 0 eng d | ||
| 020 | _a0415924421 : | ||
| 040 |
_aKABU _cKABU |
||
| 245 | 1 | 0 |
_aCities in the telecommunications age : _bthe fracturing of geographies / _cJames O. Wheeler, Yuko Aoyama, and Barney Warf, Editors. |
| 250 | _a1st ed. | ||
| 260 |
_aNew York : _bRoutledge, _c2000. |
||
| 300 | _aix, 350 p. | ||
| 650 | 0 |
_aCities and towns _xEffect of technological innovations on _zUnited State. _@0000171052 |
|
| 650 | 0 |
_aTelecommunications _xSocial aspects _zUnited State. _@0000171053 |
|
| 700 | 1 |
_aWheeler, James O. _@0000171054 |
|
| 700 | 1 |
_aAoyama, Yuko. _@0000171055 |
|
| 700 | 1 |
_aWarf, Barney. _@0000171056 |
|
| 852 | 1 | _9p2729 KEs | |
| 852 | 1 | _9p3274.70 KEs | |
| 852 | 1 | _9p3250KEs | |
| 852 | 1 | _9p3250KEs | |
| 852 | 1 | _9p3250 KEs | |
| 908 | _a090928 | ||
| 950 | _@1 | ||
| 999 |
_c8533 _d8533 |
||